| 000 | 00534nam a2200157Ia 4500 | ||
|---|---|---|---|
| 005 | 20241112025744.0 | ||
| 008 | 240331s9999 xx 000 0 und d | ||
| 020 | _a955809580X | ||
| 082 |
_bMOO _a823 |
||
| 100 | _aMoonesinghe,G | ||
| 245 | 0 |
_aBuild a Bridge : _bFive Short Stories |
|
| 260 |
_aSri Lanka _bVijitha Yapa Publications _c2005 |
||
| 300 | _axv, 142 p ., | ||
| 500 | _aThe short stories in this collection are set against the back drop of the violent conflicts that engulfed Sri Lanka for the past two decades. | ||
| 942 | _cL | ||
| 999 |
_c5728 _d5728 |
||